000 01362nac a22003970a 4500
001 PT28862
003 AR-LpoUNG
005 20210201005236.0
008 201001s2006||||sp |||||||||||||||||spa d
020 _a9788446024583
_c$58.57
040 _aAR-LpoUNG
_bspa
_eaacr
041 _aspa
044 _asp
082 0 _aR911 813v1
100 1 _aKinder, Herman
245 1 0 _aDe los orígenes a la Revolución Francesa
250 _a21ra. ed.
260 _aMadrid :
_bAkal - Istmo,
_c2006.
300 _a311 p. :
_bil., mapas
_a(2
_fVolúmenes)
_3Impreso
490 0 _aAtlas histórico mundial
520 _a<p>La finalidad de este atlas histórico fue el exponer la historia global de las civilizaciones hasta nuestros días. Esta obra utiliza los recursos más expresivos del lenguaje gráfico. Asocia la noción de áreas culturales a la evolución cronológica, lo que le permite seguir, a la vez en el tiempo y en el espacio, las etapas de la aventura humana.</p>
650 4 _aCAMBIO SOCIAL
650 4 _aCARTOGRAFIA
650 4 _aCULTURA
650 4 _aGEOGRAFIA
650 4 _aHISTORIA MUNDIAL
650 4 _aMAPAS
650 4 _aREVOLUCIONES
650 4 _aSISTEMAS POLITICOS
651 4 _aMundial
700 1 _aDieterich Arenas, Antón
_etr.
700 1 _aHilgemann, Werner
700 1 _etr.
905 _a28862
942 _cLSALA
999 _c48812
_d48812